| 000 | 00398cam a2200169ua 4500 | ||
|---|---|---|---|
| 020 | _c1.75 | ||
| 041 |
_amal _h |
||
| 082 |
_a894.812308 _bKIS/BH |
||
| 100 | _aKishan, Chand . | ||
| 245 |
_aBhoomikku vendi / _cKishan Chand. _hTextual Documents |
||
| 260 |
_aCalicut : _bP.K Brothers , _c1962. |
||
| 300 | _a149 ; . | ||
| 365 | _a1.75 | ||
| 504 | _a | ||
| 942 | _cBK | ||
| 999 |
_c5237 _d5237 |
||